| 000 | 00657cam a22002413a 4500 | ||
|---|---|---|---|
| 001 | 21587 | ||
| 003 | PGUSA | ||
| 005 | 20140828083447.0 | ||
| 008 | 070525s2007||||xxu|||||s|||||000 1 eng d | ||
| 040 |
_aPGUSA _beng |
||
| 042 | _adc | ||
| 050 | 4 | _aPR | |
| 100 | 1 |
_aDoyle, Arthur Conan, _d1859-1930 |
|
| 245 | 1 | 4 |
_aThe Parasite _h[electronic resource] / _cArthur Conan Doyle |
| 260 |
_bProject Gutenberg, _c2007 |
||
| 506 | _aPublic domain in the USA. | ||
| 516 | _aElectronic text | ||
| 653 | _aHorror tales | ||
| 653 | _aMesmerism -- Fiction | ||
| 830 | 0 |
_aProject Gutenberg _v21587 |
|
| 856 | 4 | 0 | _uhttp://www.gutenberg.org/ebooks/21587 |
| 942 | _cEB | ||
| 999 |
_c250842 _d250842 |
||